MDQL
is popping MORE tags! Check the
thread
!
Quizzes
Events
Quiz Creation
Community
Videos
Private Events
Remove Ads
Sign In
Join for FREE
Feedback
Dark Mode
Quiz Categories
Sports
Geography
Music
Movies
Television
Just For Fun
Miscellaneous
History
Literature
Language
Science
Gaming
Entertainment
Religion
Holiday
For Kids
Quiz Lab
Recent
Popular Today
Quiz Kudos Today
Editor Picks
Curator Picks
Quizzes by...
Day
Popularity
Type
Ratings
Length
Year
Community
Subscriptions
Recent Discussions
Orange Saloon
Badges
Playlists
Quests
Create
Leaderboards
Showdown
Live 5
Trivia Bingo
Activity
Puzzle Library
Sporcle Events
Private Events
Virtual Trivia
Globe League
Become a Host
Pub Owners
SporcleCon
Opinionation
Our Games
Videos
Blog
Mobile Apps
Partnerships
Remove Ads and Go Orange
Feedback
Gaming
Video Games
Board Games
Card Games
Pokémon
Mario
Nintendo
Minecraft
Console
Toys
Legend of Zelda
Gaming
Video Games
Board Games
Card Games
Pokémon
Mario
Nintendo
Minecraft
Console
Toys
Legend of Zelda
Random Quiz
Search Sporcle
×
Quiz Lab
Quiz Lab
Gaming
skill
Type in answers that appear in a list
Type in answers that appear in a list
Classic
Best Score? Go Orange.
Heroes of DotA Stats
Can you name the Heroes of DotA?
By
bowragon
15m
97 Questions
267 Plays
267 Plays
267 Plays
Comments
Comments
Give Quiz Kudos
Give Quiz Kudos
-
- Ratings
hide this ad
More Info
Forced Order
Answers have to be entered in order
Answers have to be entered in order
Random Order
Randomize order of answers
Randomize order of answers
Replay
Link that replays current quiz
Next Quiz
Link to next quiz in quiz playlist
You Got
0%
They Got
Avg Score
58%
Avg Friend Score
Upgrade to see
Score Distribution
Jump to the score distribution portion of the page
Score
0/97
Timer
15:00
0
Plays Today
Skill
Hero
% Correct
Laser
Tinker
75.7%
Marksmanship
Drow Ranger
74.9%
Flesh Heap
Butcher
72.7%
Leap
Priestess of the Moon
71.9%
Blood Bath
Bloodseeker
71.5%
Drunken Haze
Pandaren Brewmaster
70.8%
Shukuchi
Nerubian Weaver
70.4%
Shrapnel
Dwarven Sniper
69.7%
Gush
Tidehunter
69.7%
Poison Sting
Venomancer
69.3%
Blur
Phantom Assassin
68.9%
Blink Strike
Stealth Assassin
68.9%
Breathe Fire
Dragon Knight
68.9%
Backtrack
Faceless Void
68.5%
Brilliance Aura
Crystal Maiden
68.2%
Juxtapose
Phantom Lancer
68.2%
Eclipse
Moon Rider
67.8%
Last Word
Silencer
67%
Corrosive Skin
Netherdrake
67%
Split Shot
Gorgon
67%
Goblin's Greed
Alchemist
67%
Sticky Napalm
Batrider
67%
Craggy Exterior
Stone Giant
66.3%
Decrepify
Oblivion
66.3%
Howl
Lycanthrope
66.3%
Jinada
Bounty Hunter
66.3%
Test of Faith
Holy Knight
65.9%
Focus Fire
Windrunner
65.9%
Aftershock
Earthshaker
65.9%
Blink
Queen of Pain
65.9%
Battle Hunger
Axe
65.9%
Repel
Omniknight
65.2%
Feast
Lifestealer
65.2%
Skill
Hero
% Correct
Paralyzing Cask
Witch Doctor
64.8%
Impetus
Enchantress
64%
Nature's Guise
Treant Protector
64%
Blade Dance
Juggernaut
64%
Static Link
Lightning Revenant
63.7%
Statis Trap
Goblin Techies
63.7%
Call of the Wild
Beastmaster
63.3%
Spiked Carapace
Nerubian Assassin
62.2%
Tidebringer
Admiral
62.2%
Illuminate
Keeper of the Light
61%
Sprout
Prophet
61%
Enfeeble
Bane Elemental
61%
Ensnare
Naga Siren
61%
Refraction
Templar Assassin
60.7%
Rocket Flare
Clockwerk Goblin
60.7%
Ignite
Ogre Magi
60.3%
Replication
Morphling
59.9%
Borrowed Time
Lord of Avernus
59.6%
Command Aura
Vengeful Spirit
59.6%
Insatiable Hunger
Broodmother
59.2%
Strafe
Bone Fletcher
58.8%
Scorched Earth
Doom Bringer
58.8%
Sadist
Necrolyte
58.1%
Caustic Finale
Sand King
57.3%
Dispersion
Specter
56.9%
Empower
Magnataur
56.9%
Inner Vitality
Sacred Warrior
56.9%
Bash
Slithereen Guard
56.6%
Witchcraft
Death Prophet
56.2%
Crippling Fear
Night Stalker
56.2%
Weave
Shadow Priest
55.1%
Forked Lightning
Shadow Shaman
55.1%
Warpath
Bristleback
54.7%
Skill
Hero
% Correct
Empowering Haste
Spiritbreaker
54.3%
Warcry
Rogue Knight
53.6%
Phantasm
Chaos Knight
53.6%
Midnight Pulse
Enigma
53.2%
Hellfire Blast
Skeleton King
52.4%
Exort
Invoker
51.7%
Conjure Image
Soul Keeper
51.3%
Voodoo
Demon Witch
51.3%
Rabid
Lone Druid
51.3%
Spell Shield
Anti-mage
50.9%
Liquid Fire
Twin Headed Dragon
50.9%
Sanity's Eclipse
Obsidian Destroyer
50.6%
Fervor
Troll Warlord
50.6%
Waning Rift
Faerie Dragon
49.8%
Surge
Dark Seer
49.1%
Overload
Storm Spirit
48.7%
Upheaval
Warlock
48.7%
Decay
Undying
48.3%
Enrage
Ursa Warrior
47.9%
Dark Ritual
Lich
47.2%
Necromastery
Shadow Fiend
46.4%
Return
Centaur Warchief
46.4%
Soul Assumption
Necrolic
46.4%
Static Field
Lord of Olympia
46.1%
Earthbind
Geomancer
45.7%
Fiery Soul
Slayer
41.9%
Chilling Touch
Ancient Apparition
39.3%
Natural Order
Tauren Chieftain
37.1%
Lightning Storm
Tormented Soul
36.7%
Essence Shift
Murloc Nightcrawler
33%
Expulsion
Pitlord
30.7%
Quiz Playlist
Details
Report
Send in Message
Add To Playlist
More Info:
A list of heroes in a popular RPG game (Defense of the Ancients).
Classic:
Type in answers that appear in a list
Forced Order:
Answers have to be entered in order
Random Order:
Randomize order of answers
Quiz Source
Last Updated: Feb 16, 2017
Quiz Scoreboard
CHALLENGE
Sign Up to Join the Scoreboard
Show All
Scores
Hide
Comments
May contain spoilers
Recently Published
1-10 Letter E Words III
by El_Dandy
Language
2m
Street Fighter Characters
by Artimus82
Gaming
60s
College Basketball Coaching Resumes
by pancakes188
Sports
9m
More to Explore
Quiz From the Vault
Featured Blog Post
Where Did the Easter Bunny Come From?
hide this ad
You Might Also Like...
Tags
dota
Here
Hero
skill
Today's Top Quizzes in Gaming
Browse Gaming
hide this ad
Today's Top Quizzes in skill
Browse skill
Top Contributed Quizzes in Gaming
1
5-to-1: Consoles
2
7-to-1: Board Game Piece Blitz
3
5-to-1: Legend of Zelda
4
League of Legends Pro Players by Career/Team History
5
Destiny 2 exotic weapons by perk icons
6
Ultimate Genshin Impact Logic Puzzle (up to 4.3)
7
Quick Pick: Video Games Lost in Translation
8
Franchise by Action Figure
9
Who's on the WWE 2K24 Cover?
10
Genshin Impact Logic Puzzle Quiz
Explore More
Trending Topics
Harry Potter
Disney
Kpop
Anime
Crossword
NBA
Marvel
Song
Pokémon
The Office
Country
Puzzle
WWE
NFL
Soccer
hide this ad
More By:
bowragon
Quiz
Plays
Rating
Category
Featured
Created
Heroes of DotA
267
4.00
Gaming
Dec 11, 2009
Go to Creator's Profile
Score Distribution
Quiz Creator Spotlight
bowragon
Follow
Send a Message
Quizzes Created
-
Created Quiz Play Count
-
More By This Creator
Popular Quizzes Today
1
Find the US States - No Outlines Minefield
2
Find the Countries of Europe - No Outlines Minefield
3
The Countries of the World
4
Find the US States
5
Risky Map Clicking: Biggest States A-Z
6
US States
7
Popular People in 1961
8
Movies - When Are They Set?
More Gaming Quizzes
Angry Birds!
Curator's Pick
Trending Quizzes
Risky Map Clicking: Least Populous States A-Z
USA Borders Longest to Shortest
1-10 Letter G Words
1-10 Letter F Words
Countries of the World: 200 Million BC
Recently Updated
Leaping Animals
pecheneg
Reality TV Shows (A-Z)
bhenderson79
Rickey Henderson's Hall of Fame Teammates
pecheneg
Champions League XIs: Arsenal
pecheneg
Quick Pick: Celebrities in WWE's Hall of Fame
aduchscher
A-Z Keypad Blitz II
pecheneg
Multiple Oscar Actors
pecheneg
Mystery Phrase Blitz: Oscar 'Best Actors'
pecheneg
F. Scott Fitzgerald Novels
LTH
Pick 3 Villains
ddd62291
Trending Topics
NBA
Anime
Crossword
Kpop
Disney
Marvel
Harry Potter
Puzzle
NFL
Country
WWE
Pokémon
Song
The Office
Soccer
Your Account Isn't Verified!
In order to create a playlist on Sporcle, you need to verify the email address you used during registration. Go to your
Sporcle Settings
to finish the process.
Report this User
Report this user for behavior that violates our
Community Guidelines
.
Details:
Send Report
Go to the Sporcle.com Mobile Site →
Comments